[Event "AUTO-OPEN-964"]
[Site "http://www.queenalice.com/game.php?id=416909"]
[Date "2008.6.13"]
[Round "3"]
[White "ronielly"]
[Black "Botvinnik_Mikhail"]
[Result "0-1"]
[WhiteElo "1983"]
[BlackElo "2171"]

1. d4 Nf6 2. c4 g6 3. Nc3 d5 4. Bg5 Ne4 5. Nxe4 dxe4 6. e3 c5 7. Ne2 Bg7 8. g3
Nc6 9. Bg2 h6 10. Bf4 g5 11. Be5 f6 12. Bxe4 fxe5 13. Bg6+ Kf8 14. dxc5 Bg4 15.
Qc2 Nb4 16. Qe4 Bxe2 17. Kxe2 Qc8 18. Rhd1 Bf6 19. a3 Nc6 20. b4 h5 21. Bf5 e6
22. Bg6 Kg7 23. Qc2 e4 24. Bxe4 Bxa1 25. Rxa1 Rf8 26. Rd1 g4 27. Qc3+ Kg8 28. b5
Ne7 29. Qe5 Rf7 30. Qxh5 Rg7 31. Rd6 Rb8 32. Qh6 Qxc5 33. Qxe6+ Rf7 34. Qxg4+
Kf8 35. Qe6 Qh5+ 36. g4 Qxh2 37. Bf5 Nxf5 38. gxf5 Qh5+ 39. Kd2 Qxf5 0-1

[Event "AUTO-OPEN-1172"]
[Site "http://www.queenalice.com/game.php?id=422297"]
[Date "2008.6.24"]
[Round "1"]
[White "ronielly"]
[Black "ANDERSEN"]
[Result "1-0"]
[WhiteElo "1915"]
[BlackElo "1075"]

1. d4 Nf6 2. c4 Nc6 3. Nf3 d5 4. Nc3 e6 5. Bg5 dxc4 6. e4 h6 7. Bh4 Bb4 8. e5 g5
9. Bxg5 hxg5 10. exf6 e5 11. dxe5 g4 12. Nd2 Nxe5 13. Qa4+ Nc6 14. Bxc4 Bc5 15.
O-O-O Bxf2 16. Nde4 Be3+ 17. Kb1 Bf5 18. Rxd8+ Kxd8 19. Bxf7 Ne5 20. Qb3 Rf8 21.
Rd1+ Kc8 22. Be6+ Nd7 23. Bxf5 Bf4 24. Bxd7+ Kd8 25. Bf5+ Ke8 26. Qe6# 1-0

[Event "AUTO-OPEN-1172"]
[Site "http://www.queenalice.com/game.php?id=422298"]
[Date "2008.6.24"]
[Round "1"]
[White "ANDERSEN"]
[Black "ronielly"]
[Result "0-1"]
[WhiteElo "1173"]
[BlackElo "1957"]

1. e4 c6 2. Nc3 d5 3. e5 Bf5 4. d4 e6 5. Nf3 Nd7 6. Bg5 Be7 7. Bd3 Bxd3 8. cxd3
Bxg5 9. Nxg5 Qxg5 10. Qf3 Ne7 11. O-O Nf5 12. Ne2 O-O 13. b4 Nb6 14. g4 Nc8 15.
Qg2 Nh4 16. f4 Nxg2 17. fxg5 Ne3 18. Rf3 Nc2 19. Rc1 Nxb4 20. a3 Na6 21. Nf4 Ne7
22. h4 Ng6 23. h5 Nxf4 24. Rxf4 Nc7 25. h6 g6 26. a4 Rac8 27. Rc5 Na6 28. Ra5 c5
29. dxc5 Rxc5 30. Rxc5 Nxc5 31. a5 Nxd3 32. Rf3 Nxe5 33. Rb3 Rb8 34. Rb5 b6 35.
axb6 Rxb6 36. Rxb6 axb6 37. Kf2 Nxg4+ 38. Kg3 Ne3 39. Kf3 Nf5 40. Kg4 d4 41. Kf3
Kf8 42. Ke2 Ke7 43. Kd3 f6 44. gxf6+ Kxf6 45. Kc4 g5 46. Kd3 g4 47. Ke2 g3 48.
Kf1 d3 49. Ke1 g2 50. Kf2 d2 51. Kxg2 d1=Q 52. Kf2 Qd3 53. Kg2 Qg3+ 54. Kf1 Qh2
55. Ke1 Nd4 56. Kd1 Qe2+ 57. Kc1 Qc2# 0-1

[Event "AUTO-OPEN-1172"]
[Site "http://www.queenalice.com/game.php?id=422299"]
[Date "2008.6.24"]
[Round "1"]
[White "ronielly"]
[Black "Borsssoi"]
[Result "1-0"]
[WhiteElo "1909"]
[BlackElo "1461"]

1. d4 e6 2. c4 d5 3. Nc3 dxc4 4. e4 c5 5. d5 exd5 6. Nxd5 Be6 7. Bxc4 Nf6 8.
Nxf6+ Qxf6 9. Bxe6 Qxe6 10. Qc2 Nc6 11. Be3 b6 12. Ne2 O-O-O 13. O-O c4 14. Rac1
b5 15. b3 Nb4 16. Qb2 Qxe4 17. bxc4 bxc4 18. Ng3 Qe6 19. Rc3 Nd3 20. Qc2 Kb7 21.
Rb1+ Ka8 22. Rxc4 Be7 23. Rc7 Rd7 24. Rc8+ Rxc8 25. Qxc8# 1-0

[Event "AUTO-OPEN-1172"]
[Site "http://www.queenalice.com/game.php?id=422300"]
[Date "2008.6.24"]
[Round "1"]
[White "Borsssoi"]
[Black "ronielly"]
[Result "0-1"]
[WhiteElo "1436"]
[BlackElo "1930"]

1. e4 c6 2. d4 d5 3. Nc3 dxe4 4. Nxe4 Bf5 5. f3 e6 6. b3 Nf6 7. Nxf6+ Qxf6 8.
Ne2 c5 9. Bb2 Nc6 10. g4 Bg6 11. d5 Qxb2 12. c3 exd5 13. Qc1 Qxc1+ 14. Rxc1 Ne5
15. f4 Nd3+ 16. Kd1 Nxc1 17. Kxc1 Be4 18. Rg1 Bd3 19. Rg3 Bxe2 20. Bxe2 Bd6 21.
Re3+ Kd7 22. f5 Bf4 23. Kd2 Rhe8 0-1

[Event "AUTO-OPEN-1172"]
[Site "http://www.queenalice.com/game.php?id=422301"]
[Date "2008.6.24"]
[Round "1"]
[White "ronielly"]
[Black "waganso"]
[Result "1-0"]
[WhiteElo "1920"]
[BlackElo "1267"]

1. d4 b6 2. c4 Bb7 3. Nc3 e6 4. e4 d5 5. f3 Nf6 6. Bg5 h6 7. Bxf6 Qxf6 8. cxd5
exd5 9. Bd3 c5 10. dxc5 bxc5 11. Nxd5 Bxd5 12. exd5 Qxb2 13. Qe2+ 1-0

[Event "AUTO-OPEN-1172"]
[Site "http://www.queenalice.com/game.php?id=422302"]
[Date "2008.6.24"]
[Round "1"]
[White "waganso"]
[Black "ronielly"]
[Result "0-1"]
[WhiteElo "1269"]
[BlackElo "1918"]

1. b3 c6 2. Bb2 d5 3. Nf3 Bg4 4. e3 Nd7 5. h3 Bh5 6. g4 Bg6 7. c4 e6 8. d3 h6 9.
Nbd2 Bd6 10. e4 Ne7 11. Bxg7 Rh7 12. Bd4 Bc5 13. Bxc5 Nxc5 0-1

[Event "AUTO-OPEN-980"]
[Site "http://www.queenalice.com/game.php?id=424582"]
[Date "2008.6.28"]
[Round "3"]
[White "kahector"]
[Black "ronielly"]
[Result "0-1"]
[WhiteElo "1708"]
[BlackElo "1925"]

1. e4 c6 2. Nf3 d5 3. d3 dxe4 4. Ne5 e6 5. Nc3 exd3 6. Bxd3 Bd6 7. Qe2 Nf6 8.
Bg5 h6 9. Bxf6 Qxf6 10. Nf3 Bb4 11. O-O Bxc3 12. bxc3 Qxc3 0-1

[Event "AUTO-OPEN-980"]
[Site "http://www.queenalice.com/game.php?id=424583"]
[Date "2008.6.28"]
[Round "3"]
[White "ronielly"]
[Black "kahector"]
[Result "1-0"]
[WhiteElo "1917"]
[BlackElo "1716"]

1. d4 c6 2. c4 d5 3. Nc3 dxc4 4. e3 b5 5. a4 a5 6. axb5 e6 7. Bxc4 Bb4 8. bxc6
Nxc6 9. Nf3 Nge7 10. Bb5 O-O 11. O-O Nd5 12. Bxc6 1-0

[Event "AUTO-MASTER-572"]
[Site "http://www.queenalice.com/game.php?id=438389"]
[Date "2008.7.24"]
[Round "1"]
[White "ronielly"]
[Black "Harir"]
[Result "0-1"]
[WhiteElo "1919"]
[BlackElo "2155"]

1. d4 d5 2. c4 Nf6 3. Bg5 h6 4. Bh4 dxc4 5. Bxf6 exf6 6. e3 Bb4+ 7. Nd2 Be6 8.
a3 Bxd2+ 9. Qxd2 O-O 10. Qb4 Qd5 11. Nf3 Na6 12. Qc3 c5 13. dxc5 Nxc5 14. Nd4
Rad8 15. Nxe6 fxe6 16. Bxc4 Qxg2 17. Rf1 Qe4 18. Ke2 Qf5 19. b4 Ne4 20. Qb3 Qh5+
21. Ke1 Nd2 22. Bxe6+ Kh8 23. Qc2 Nf3+ 24. Ke2 Nd4+ 0-1

[Event "AUTO-MASTER-572"]
[Site "http://www.queenalice.com/game.php?id=438390"]
[Date "2008.7.24"]
[Round "1"]
[White "Harir"]
[Black "ronielly"]
[Result "0-1"]
[WhiteElo "2173"]
[BlackElo "1934"]

1. e4 e5 2. Nf3 Nc6 3. Nc3 Nf6 4. Bc4 Bb4 5. a3 Bxc3 6. dxc3 Nxe4 7. Ng5 Nxg5 8.
Bxg5 Qxg5 9. O-O O-O 10. Qc1 Qg6 11. Bd3 Qf6 12. f4 d6 13. fxe5 Qxe5 14. Qf4
Qxf4 15. Rxf4 Be6 16. Re1 Rfe8 17. Be4 Ne5 18. Rh4 h6 19. Rf1 Ng6 20. Bxg6 fxg6
21. Rf2 Rf8 22. Ra4 Rxf2 23. Kxf2 Rf8+ 24. Ke3 a6 25. Rf4 Rxf4 26. Kxf4 g5+ 27.
Ke4 Kf7 28. g3 Kf6 29. Ke3 h5 30. a4 b5 31. a5 h4 32. Ke4 Bf5+ 33. Kd5 Bxc2 34.
Kc6 Kf5 35. Kxc7 d5 36. gxh4 gxh4 37. Kb6 b4 38. cxb4 d4 39. b5 axb5 40. a6 Be4
41. Kxb5 d3 42. a7 d2 43. Kb4 d1=Q 44. a8=Q Qd4+ 45. Kb5 Bxa8 46. b4 Qd5+ 47.
Kb6 Qc6+ 48. Ka5 Ke5 49. b5 Qc3+ 50. Ka6 Bc6 51. bxc6 Qxc6+ 52. Ka5 Qb7 53. h3
Kd5 54. Ka4 Kc4 0-1

[Event "AUTO-MASTER-572"]
[Site "http://www.queenalice.com/game.php?id=438391"]
[Date "2008.7.24"]
[Round "1"]
[White "ronielly"]
[Black "Plotnnikov"]
[Result "0-1"]
[WhiteElo "1960"]
[BlackElo "2273"]

1. d4 d5 2. c4 e6 3. Nc3 Nf6 4. Bg5 Nbd7 5. e4 dxe4 6. Nxe4 Be7 7. Bd3 Nxe4 8.
Bxe7 Qxe7 9. Bxe4 Nf6 10. Bc2 O-O 11. Nf3 b6 12. O-O c5 13. Re1 Bb7 14. d5 Rfd8
15. Qe2 Qe8 16. dxe6 Qxe6 17. Qxe6 fxe6 18. Rxe6 Bxf3 19. gxf3 Rd2 20. Rc1 Kf7
21. Ree1 Rad8 22. Red1 Rxc2 23. Rxc2 Rxd1+ 24. Kg2 Rd4 25. b3 Nh5 26. Kh3 Kg6
27. a3 Kf5 28. b4 Nf4+ 29. Kg3 Rd1 30. h4 Rh1 0-1

[Event "AUTO-MASTER-572"]
[Site "http://www.queenalice.com/game.php?id=438392"]
[Date "2008.7.24"]
[Round "1"]
[White "Plotnnikov"]
[Black "ronielly"]
[Result "1-0"]
[WhiteElo "2254"]
[BlackElo "1922"]

1. Nf3 d5 2. d4 Nf6 3. e3 e6 4. Bd3 c5 5. b3 cxd4 6. exd4 Nc6 7. O-O Bd6 8. Ba3
Bxa3 9. Nxa3 Qb6 10. c3 O-O 11. Re1 Qa5 12. Qc1 Bd7 13. b4 Qc7 14. Qd2 a5 15. b5
Na7 16. Rab1 Rac8 17. c4 dxc4 18. b6 Qb8 19. bxa7 Qxa7 20. Nxc4 b6 21. Nxb6 1-0

[Event "AUTO-MASTER-572"]
[Site "http://www.queenalice.com/game.php?id=438393"]
[Date "2008.7.24"]
[Round "1"]
[White "ronielly"]
[Black "razoman"]
[Result "0-1"]
[WhiteElo "1932"]
[BlackElo "2004"]

1. d4 d5 2. c4 e6 3. Nc3 c6 4. Bf4 Nf6 5. e3 Bd6 6. Bxd6 Qxd6 7. cxd5 Nxd5 8.
Bc4 O-O 9. e4 Nf4 10. Qf3 e5 11. dxe5 Qxe5 12. Rd1 Nd7 13. Nge2 Nh5 14. O-O Qg5
15. Nd4 Ne5 16. Qe2 Nf4 17. g3 Nxe2+ 18. Bxe2 Bg4 19. f4 Qh5 20. fxe5 Bxe2 21.
Ndxe2 Qxe5 22. Nf4 Rad8 23. Nd3 Qd4+ 24. Nf2 Qb4 25. Rb1 Rd2 26. a3 Qd4 27. Rfe1
Qxf2+ 0-1

[Event "AUTO-MASTER-572"]
[Site "http://www.queenalice.com/game.php?id=438394"]
[Date "2008.7.24"]
[Round "1"]
[White "razoman"]
[Black "ronielly"]
[Result "1/2-1/2"]
[WhiteElo "2050"]
[BlackElo "1912"]

1. e4 e5 2. Nf3 Nc6 3. Bb5 a6 4. Bxc6 dxc6 5. h3 Nf6 6. d3 Bd6 7. O-O O-O 8. Bg5
h6 9. Bh4 Qe7 10. Nc3 Qe6 11. Re1 Nh7 12. Qd2 f5 13. exf5 Qxf5 14. Ne4 Be6 15.
c4 Qg6 16. Kh2 Rf7 17. Nxd6 cxd6 18. Qb4 Qxd3 19. Rad1 Qxc4 20. Qxc4 Bxc4 21.
Rxd6 Bxa2 22. Nxe5 Rff8 23. Ng6 Rfe8 24. Ra1 Bd5 25. Nf4 g5 26. Nxd5 cxd5 27.
Bg3 Rad8 28. Rg6+ Kf7 29. Rb6 Rd7 30. Rxh6 Kg7 31. Rb6 Nf6 32. f3 d4 33. Ra5 d3
34. Rxg5+ Kf7 35. Rf5 d2 36. Rfxf6+ Ke7 37. Rfe6+ Kf7 38. Rf6+ Ke7 39. Rfe6+ Kf7
1/2-1/2

[Event "AUTO-OPEN-1261"]
[Site "http://www.queenalice.com/game.php?id=462046"]
[Date "2008.9.12"]
[Round "1"]
[White "mauriciov"]
[Black "ronielly"]
[Result "1-0"]
[WhiteElo "2396"]
[BlackElo "1963"]

1. Nf3 c6 2. d4 d5 3. c4 Nf6 4. Nc3 Bf5 5. e3 e6 6. Nh4 Bg6 7. Bd2 Be7 8. cxd5
Nxd5 9. Nxg6 hxg6 10. e4 Nf6 11. Bd3 Nbd7 12. Be3 Qc7 13. f4 O-O-O 14. Qf3 Nb6
15. h3 c5 16. Rc1 Kb8 17. O-O Qd7 18. Bb5 Qc7 19. Ne2 Rc8 20. dxc5 Nbd7 21. c6
Qa5 22. Nd4 Nc5 23. cxb7 Kxb7 24. b4 Qxa2 25. Ra1 Qb2 26. Rfb1 Qxb1+ 27. Rxb1
Ncxe4 28. Bd3 1-0

[Event "AUTO-OPEN-1261"]
[Site "http://www.queenalice.com/game.php?id=462047"]
[Date "2008.9.12"]
[Round "1"]
[White "ronielly"]
[Black "mauriciov"]
[Result "0-1"]
[WhiteElo "1961"]
[BlackElo "2399"]

1. d4 Nf6 2. c4 g6 3. Nc3 d6 4. e4 Bg7 5. f3 O-O 6. Be3 c5 7. d5 e6 8. Qd2 exd5
9. cxd5 a6 10. g4 b5 11. h4 h5 12. gxh5 Nxh5 13. Bh6 Nd7 14. Bxg7 Kxg7 15. O-O-O
Qa5 16. Kb1 Rb8 17. Qc2 b4 18. Na4 b3 19. axb3 Ne5 20. Be2 Qb4 21. f4 Nxf4 22.
h5 Qxb3 23. Qxb3 Rxb3 24. Rd2 gxh5 25. Bxh5 Rh8 26. Rdh2 Re3 27. Nc3 Re1+ 0-1

[Event "AUTO-OPEN-1261"]
[Site "http://www.queenalice.com/game.php?id=462066"]
[Date "2008.9.12"]
[Round "1"]
[White "franzjonas"]
[Black "ronielly"]
[Result "0-1"]
[WhiteElo "1164"]
[BlackElo "1959"]

1. e4 c6 2. c4 e6 3. d4 d5 4. Nc3 Nf6 5. e5 Nfd7 6. c5 b6 7. Be3 bxc5 8. dxc5
Nxc5 9. Bxc5 Bxc5 10. Qg4 O-O 11. Bd3 Nd7 0-1

[Event "AUTO-OPEN-1261"]
[Site "http://www.queenalice.com/game.php?id=462067"]
[Date "2008.9.12"]
[Round "1"]
[White "ronielly"]
[Black "franzjonas"]
[Result "1-0"]
[WhiteElo "1961"]
[BlackElo "1162"]

1. d4 c5 2. d5 d6 3. c4 Bf5 4. Nc3 e5 5. e4 Bg6 6. f4 f5 7. exf5 Bxf5 8. fxe5
dxe5 9. Bd3 Qd7 10. Nf3 Bd6 11. O-O 1-0

[Event "AUTO-OPEN-1261"]
[Site "http://www.queenalice.com/game.php?id=462076"]
[Date "2008.9.12"]
[Round "1"]
[White "erivaldoadao"]
[Black "ronielly"]
[Result "0-1"]
[WhiteElo "1722"]
[BlackElo "1919"]

1. e4 c6 2. d4 d5 3. exd5 cxd5 4. Nc3 Nc6 5. Bb5 Bf5 6. Bf4 e6 7. Nf3 a6 8. Ba4
b5 9. Bb3 Bd6 10. Bxd6 Qxd6 11. O-O Bg4 12. Qd3 Nf6 13. h3 Nb4 14. Qd2 Bxf3 15.
gxf3 O-O 16. a4 Nh5 17. axb5 Qe7 0-1

[Event "AUTO-OPEN-1261"]
[Site "http://www.queenalice.com/game.php?id=462077"]
[Date "2008.9.12"]
[Round "1"]
[White "ronielly"]
[Black "erivaldoadao"]
[Result "1-0"]
[WhiteElo "1927"]
[BlackElo "1707"]

1. d4 d5 2. c4 e6 3. Nc3 Bb4 4. a3 Bxc3+ 5. bxc3 Ne7 6. Bf4 O-O 7. e3 dxc4 8.
Bxc4 c6 9. Nf3 a5 10. O-O b5 11. Bb3 a4 12. Bc2 Bb7 13. Be4 f5 14. Bd3 Nd5 15.
Bxb8 Qxb8 16. c4 bxc4 17. Bxc4 Ba6 18. Bxa6 Rxa6 19. Ne5 c5 20. Nd7 1-0